<?xml version="1.0" encoding="UTF-8"?>
<record
    xmlns:xsi="http://www.w3.org/2001/XMLSchema-instance"
    xsi:schemaLocation="http://www.loc.gov/MARC21/slim http://www.loc.gov/standards/marcxml/schema/MARC21slim.xsd"
    xmlns="http://www.loc.gov/MARC21/slim">

  <leader>01654nam a22002057a 4500</leader>
  <controlfield tag="008">190323b        xxu||||| |||| 00| 0 eng d</controlfield>
  <datafield tag="022" ind1=" " ind2=" ">
    <subfield code="a"> 0304-405X</subfield>
  </datafield>
  <datafield tag="245" ind1=" " ind2=" ">
    <subfield code="a">What makes the bonding stick? A natural experiment testing the legal bonding hypothesis / by Amir N. Licht, Christopher Poliquin, Jordan I. Siegel &amp; Xi Li</subfield>
    <subfield code="c">Amir N. Licht, Christopher Poliquin, Jordan I. Siegel &amp; Xi Li</subfield>
  </datafield>
  <datafield tag="260" ind1=" " ind2=" ">
    <subfield code="a">Amsterdam</subfield>
    <subfield code="b">Elsevier</subfield>
    <subfield code="c">August 2018</subfield>
  </datafield>
  <datafield tag="300" ind1=" " ind2=" ">
    <subfield code="a">Pages 329-356</subfield>
  </datafield>
  <datafield tag="440" ind1=" " ind2=" ">
    <subfield code="a"> Journal of Financial Economics</subfield>
    <subfield code="v">129 (2)</subfield>
    <subfield code="x">0304-405X</subfield>
  </datafield>
  <datafield tag="500" ind1=" " ind2=" ">
    <subfield code="a">Abstract
We use a US Supreme Court case, Morrison v. National Australia Bank (2010), as a natural experiment to test the legal bonding hypothesis. By decreasing the potential liability of US-listed foreign firms, particularly due to class action lawsuits, Morrison arguably eroded their legal bonding to compliance with disclosure duties. Nevertheless, we find evidence of an increase or insignificant change in share values. Tests of longer-run effects of the legal event indicate that foreign firms&#x2019; disclosure quality and likelihood of facing enforcement actions remained stable, as did investors&#x2019; revealed preferences for trading on US markets. These results go against the legal bonding hypothesis but are consistent with reputational bonding and with market-based accounts of US cross-listing. Our results may contribute to ongoing debate about civil enforcement of securities laws through class actions.</subfield>
  </datafield>
  <datafield tag="690" ind1=" " ind2=" ">
    <subfield code="a">Bonding</subfield>
  </datafield>
  <datafield tag="690" ind1=" " ind2=" ">
    <subfield code="a">Class actions</subfield>
  </datafield>
  <datafield tag="690" ind1=" " ind2=" ">
    <subfield code="a">Cross-listing</subfield>
  </datafield>
  <datafield tag="690" ind1=" " ind2=" ">
    <subfield code="a">Corporate governance</subfield>
  </datafield>
  <datafield tag="690" ind1=" " ind2=" ">
    <subfield code="a">Civil liability</subfield>
  </datafield>
  <datafield tag="690" ind1=" " ind2=" ">
    <subfield code="a">Reputation</subfield>
  </datafield>
  <datafield tag="942" ind1=" " ind2=" ">
    <subfield code="2">lcc</subfield>
    <subfield code="c">SE</subfield>
  </datafield>
  <datafield tag="999" ind1=" " ind2=" ">
    <subfield code="c">361365</subfield>
    <subfield code="d">361365</subfield>
  </datafield>
  <datafield tag="952" ind1=" " ind2=" ">
    <subfield code="0">0</subfield>
    <subfield code="1">0</subfield>
    <subfield code="2">lcc</subfield>
    <subfield code="4">0</subfield>
    <subfield code="a">CL</subfield>
    <subfield code="b">CL</subfield>
    <subfield code="c">PER</subfield>
    <subfield code="d">2019-03-23</subfield>
    <subfield code="l">0</subfield>
    <subfield code="r">2019-03-23 00:00:00</subfield>
    <subfield code="w">2019-03-23</subfield>
    <subfield code="y">SE</subfield>
  </datafield>
</record>
